Безопасный Android: защищаем свои деньги и данные от кражи

Podrobná bibliografie
Hlavní autor: Колисниченко Д. Н. Денис Николаевич
Shrnutí:Рассмотрены различные способы обеспечения безопасности Android-устройств: шифрование персональной информации, хранящейся на устройстве, шифрование передаваемых данных, VPN-соединения, анонимизация трафика, выбор и использование антивируса и брандмауэра, поиск потерянного или украденного устройства, экономия трафика, защита от спама, получение прав root. Уделено внимание вопросам личной и семейной безопасности (ограничение доступа ребенка к опре­деленным ресурсам/программам, отслеживание телефона ребенка и т. д.). Практи­чески все рассмотренное в книге программное обеспечение бесплатное, что помо­жет не только защитить ваше устройство, но и сэкономить деньги.
Jazyk:ruština
Vydáno: Санкт-Петербург, БХВ-Петербург, 2015
Témata:
Médium: MixedMaterials Kniha
KOHA link:https://koha.lib.tpu.ru/cgi-bin/koha/opac-detail.pl?biblionumber=291042

MARC

LEADER 00000nam0a2200000 4500
001 291042
005 20231102000340.0
010 |a 9785977531498 
035 |a (RuTPU)RU\TPU\book\315604 
090 |a 291042 
100 |a 20150410d2015 km y0rusy50 ca 
101 0 |a rus 
102 |a RU 
105 |a a z 001zy 
200 1 |a Безопасный Android: защищаем свои деньги и данные от кражи  |f Д. Н. Колисниченко 
210 |a Санкт-Петербург  |c БХВ-Петербург  |d 2015 
215 |a 160 с.  |c ил. 
320 |a Предметный указатель: с. 158-159. 
330 |a Рассмотрены различные способы обеспечения безопасности Android-устройств: шифрование персональной информации, хранящейся на устройстве, шифрование передаваемых данных, VPN-соединения, анонимизация трафика, выбор и использование антивируса и брандмауэра, поиск потерянного или украденного устройства, экономия трафика, защита от спама, получение прав root. Уделено внимание вопросам личной и семейной безопасности (ограничение доступа ребенка к опре­деленным ресурсам/программам, отслеживание телефона ребенка и т. д.). Практи­чески все рассмотренное в книге программное обеспечение бесплатное, что помо­жет не только защитить ваше устройство, но и сэкономить деньги. 
606 1 |a Операционные системы  |2 stltpush  |3 (RuTPU)RU\TPU\subj\69886  |9 84548 
610 1 |a Android 
610 1 |a смартфоны 
610 1 |a безопасность 
610 1 |a персональные данные 
610 1 |a защита 
610 1 |a антивирусы 
610 1 |a сетевая информация 
610 1 |a анонимность 
610 1 |a личная безопасность 
610 1 |a полезные системные приемы 
610 1 |a root-доступ 
675 |a 004.451  |v 4 
700 1 |a Колисниченко  |b Д. Н.  |g Денис Николаевич 
801 1 |a RU  |b 63413507  |c 20150410 
801 2 |a RU  |b 63413507  |c 20150605  |g RCR 
942 |c BK 
959 |a 40/20150410  |d 1  |e 160,00  |f ЧЗТЛ:1